Aktívny manažment projektov SIX SIGMA

Modelovanie rozhodovacích procesov o investovaní do projektov zlepšovania procesov. Model Huchzermeier - Loch.

Guardado en:
Detalles Bibliográficos
Autor principal: Tkáč, Michal, 1958-
Otros Autores: Lyócsa, Štefan, 1982-
Formato: Capítulo de libro
Lenguaje:eslovaco
Materias:
Etiquetas: Agregar Etiqueta
Sin Etiquetas, Sea el primero en etiquetar este registro!

MARC

LEADER 00000naa$a2200000$$$4500
001 0083166
005 20240502071933.2
041 0 |a slo 
044 |a SK 
245 1 0 |a Aktívny manažment projektov SIX SIGMA  |c Michal Tkáč, Štefan Lyócsa 
520 |a Modelovanie rozhodovacích procesov o investovaní do projektov zlepšovania procesov. Model Huchzermeier - Loch. 
610 2 0 |a riadenie projektové 
610 2 0 |a opcie 
610 2 0 |a investovanie 
610 2 0 |a modelovanie ekonometrické 
610 2 0 |a procesy rozhodovacie 
100 1 |a Tkáč, Michal, 1958- 
700 1 |a Lyócsa, Štefan, 1982-